Report for the year 1969

Αποθηκεύτηκε σε:
Λεπτομέρειες βιβλιογραφικής εγγραφής
Συγγραφή απο Οργανισμό/Αρχή: Εθνική Τράπεζα της Ελλάδος
Μορφή: Βιβλίο
Γλώσσα:English
Δημοσίευση: Athens : National Bank of Greece, 1970
Θέματα:
Ετικέτες: Προσθήκη ετικέτας
Δεν υπάρχουν, Καταχωρήστε ετικέτα πρώτοι!

MARC

LEADER 00000cam a2200000 i 4500
001 1/103149
008 950512s1970 gr ||| | eng||
035 |l 10012780 
040 |a GR-MY-UA  |b gre  |e aacr 
041 0 |a eng 
082 0 |a 332.109495 
110 2 |a Εθνική Τράπεζα της Ελλάδος. 
245 1 0 |a Report for the year 1969 /  |c National Bank of Greece 
260 |a Athens :   |b National Bank of Greece,   |c 1970 
300 |a 78 p. 
610 2 0 |a Εθνική Τράπεζα της Ελλάδος. 
650 0 0 |a Banks and banking  |z Greece. 
852 |a INST  |b LESVOS  |e 19950512  |h 332.109495 ΕΘΝ  |p 005100000904  |q 005100000904  |t BK  |y 0 
909 |a Λ  |b 015418